বসনিয়া : (Record no. 104002)
[ view plain ]
| 000 -LEADER | |
|---|---|
| fixed length control field | 00661nam a22001817a 4500 |
| 003 - CONTROL NUMBER IDENTIFIER | |
| control field | BD-DhUL |
| 005 - DATE AND TIME OF LATEST TRANSACTION | |
| control field | 20160904164321.0 |
| 008 - FIXED-LENGTH DATA ELEMENTS--GENERAL INFORMATION | |
| fixed length control field | 160904s1995 b | ||| |||| 000 0 b d |
| 040 ## - CATALOGING SOURCE | |
| Original cataloging agency | BD-DhUL |
| Transcribing agency | BD-DhUL |
| 082 ## - DEWEY DECIMAL CLASSIFICATION NUMBER | |
| Classification number | 949.742 |
| Item number | JAB |
| 100 1# - MAIN ENTRY--PERSONAL NAME | |
| Personal name | জাগীরদার, ওবেঈদ |
| 245 10 - TITLE STATEMENT | |
| Title | বসনিয়া : |
| Remainder of title | পশ্চিমের বিবেক / |
| Statement of responsibility, etc. | ওবেঈদ জাগীরদার |
| 260 ## - PUBLICATION, DISTRIBUTION, ETC. (IMPRINT) | |
| Place of publication, distribution, etc. | ঢাকা: |
| Name of publisher, distributor, etc. | বসু প্রকাশন, |
| Date of publication, distribution, etc. | ১৯৯৫. |
| 300 ## - PHYSICAL DESCRIPTION | |
| Extent | ২২৪ পৃ. ; |
| Dimensions | ২২ সেমি. |
| 650 #0 - SUBJECT ADDED ENTRY--TOPICAL TERM | |
| Topical term or geographic name as entry element | বসনিয়া- ইতিহাস |
| 650 #0 - SUBJECT ADDED ENTRY--TOPICAL TERM | |
| Topical term or geographic name as entry element | Basaniya History |
| 942 ## - ADDED ENTRY ELEMENTS (KOHA) | |
| Source of classification or shelving scheme | |
| Koha item type | Books |
| Price effective from | Date last seen | Permanent Location | Not for loan | Date acquired | Source of classification or shelving scheme | Koha item type | Lost status | Withdrawn status | Copy number | Source of acquisition | Collection code | Damaged status | Shelving location | Barcode | Current Location | Full call number |
|---|---|---|---|---|---|---|---|---|---|---|---|---|---|---|---|---|
| 2016-09-04 | 2016-09-04 | Dhaka University Library | 2016-09-04 | Books | 2 | Purchased | Non Fiction | General Stacks | 346396 | Dhaka University Library | 949.742 JAB | |||||
| 2017-05-17 | 2017-05-17 | Dhaka University Library | 2017-05-17 | Books | 1 | Gift | Reference | Dr. Aftab Ahmed Collection | 428048 | Dhaka University Library | 949.742 JAB |
